Quiz wiedzy ogólnej #13 - Statystyki

Ogólne statystyki
  • Ten quiz został rozwiązany 592 razy
    303 od ostatniego zresetowania
  • Średni wynik to 13 z 20
Statystyki odpowiedzi
Pytania Odpowiedź % Poprawnych
W jakim języku są te litery: Δ, Φ, Ω? Greckim
97%
Tradycyjna polska potrawa podawana z uszkami na Święta Bożonarodzeniowe? Barszcz
94%
Jaką środę poprzedza tłusty czwartek? Popielcową
91%
Jeśli kot ma 9 żyć, ile żyć ma 99 kotów (w sumie)? 891
82%
Który grzech śmiertelny często określany jest jako łakomstwo? {Nieumiarkowanie} w jedzeniu i piciu
80%
Jakie państwo było gospodarzem Mistrzostw Świata FIFA 2022? Katar
79%
Jakim skrótem określa się partię Hitlera ? NSDAP
70%
Jak nazywa się czarny charakter z filmu „Król Lew”? Skaza
68%
Jaki kraj był dawniej znany jako Zair? DemokratycznaRepublika Konga
66%
Jaki park narodowy graniczy z Warszawą? Kampinoski
62%
Kim jest czarodziej doradzający królowi Arturowi? Merlin
62%
W jakim kraju znalazłbyś źródła rzek Tygrys i Eufrat? Turcja
61%
Jaka wyspa była centrum cywilizacji minojskiej? Kreta
60%
Które miasto jest najbliżej wyspy Alcatraz? San Francisco
57%
Jaka firma produkuje system operacyjny Android? Google
49%
Jaką sztukę walki można określić jako brazylijski taniec? Capoeira
45%
Na jakiej prawdziwej osobie miał wzorować się hrabia Drakula? Wład Palownik
40%
Który piosenkarz śpiewa „When I Was Your Man” i „24K Magic”? Bruno Mars
33%
Który z trzech rodzajów skał jest zbudowany z lawy? Magmowy
27%
Jaki popularny sos sałatkowy smakuje jak „sekretny sos” na Big Macu? Tysiąca wysp
27%
Nie znaleziono quizów pasujących do podanych kryteriów
Rozkład punktacji
Procent ludzi z każdym wynikiem
Percentyl według liczby udzielonych odpowiedzi
Twoja historia wyników
Nie rozwiązałeś tego quizu od ostatniego zresetowania